000
00281nam a22001217a 4500
008
170524b xxu||||| |||| 00| 0 eng d
041
_a
eng
080
_2
2ND
_a
62
100
_a
26
101
_a
IM
245
_a
SOIL MECHANICS IN ENGINEERING PRACTICE
_c
TERZAGHI,K
942
_2
udc
_c
BK
999
_c
14043
_d
14043